Wymień kolor z literą "R" w środku. - Statystyki

Ogólne statystyki
  • Ten quiz został rozwiązany 293 razy
  • Średni wynik to 6 z 8
Statystyki odpowiedzi
Odpowiedź % Poprawnych
Czerwony
99%
Czarny
94%
Pomarańczowy
88%
Brązowy
87%
Szary
73%
Granatowy
71%
Srebrny
46%
Bordowy
44%
Nie znaleziono quizów pasujących do podanych kryteriów
Rozkład punktacji
Procent ludzi z każdym wynikiem
Percentyl według liczby udzielonych odpowiedzi
Twoja historia wyników
Nie rozwiązałeś tego quizu